[Event "Ayvalik Yagmur Gp-A"]
[Site "Ayvalik"]
[Date "2022.04.14"]
[Round "9"]
[White "Gurel, Ediz"]
[Black "Gholami, Aryan"]
[Result "1/2-1/2"]
[WhiteElo "2403"]
[BlackElo "2522"]
[PlyCount "49"]
[EventDate "2022.04.09"]
[EventType "schev"]
[EventRounds "9"]
[EventCountry "TUR"]
[SourceTitle "CBM 207 Extra"]
[Source "ChessBase"]
[SourceDate "2022.05.31"]
[SourceVersion "1"]
[SourceVersionDate "2022.05.31"]
[SourceQuality "1"]
[WhiteTeam "Team D"]
[BlackTeam "Team A"]
[WhiteTeamCountry "TUR"]
[BlackTeamCountry "TUR"]

1. e4 c5 2. Nf3 e6 3. d4 cxd4 4. Nxd4 a6 5. c4 Nf6 6. Nc3 Qc7 7. Be2 b6 8. Be3 Bb7 9. f3 Bd6 10. g3 h5 11. Qd2 Be5 12. 0-0-0 Nc6 13. Kb1 h4 14. Nb3 Ne7 15. Bd4 Ng6 16. Qe3 Bxd4 17. Qxd4 Bc6 18. Qf2 Rb8 19. Nd4 Bb7 20. Ka1 Qc5 21. Na4 Qa5 22. Nc3 Qc5 23. Na4 Qa5 24. Nc3 Qc5 25. Na4 1/2-1/2

[Event "Ayvalik Yagmur Gp-A"]
[Site "Ayvalik"]
[Date "2022.04.12"]
[Round "6"]
[White "Altun, Arda"]
[Black "Gholami, Aryan"]
[Result "0-1"]
[WhiteElo "2274"]
[BlackElo "2522"]
[PlyCount "78"]
[EventDate "2022.04.09"]
[EventType "schev"]
[EventRounds "9"]
[EventCountry "TUR"]
[SourceTitle "CBM 207 Extra"]
[Source "ChessBase"]
[SourceDate "2022.05.31"]
[SourceVersion "1"]
[SourceVersionDate "2022.05.31"]
[SourceQuality "1"]
[WhiteTeam "Team B"]
[BlackTeam "Team A"]
[WhiteTeamCountry "TUR"]
[BlackTeamCountry "TUR"]

1. e4 c5 2. Nf3 Nc6 3. d4 cxd4 4. Nxd4 e5 5. Nb5 a6 6. Nd6+ Bxd6 7. Qxd6 Qe7 8. Qd1 Nf6 9. Nc3 d6 10. Bg5 Be6 11. Nd5 Bxd5 12. exd5 Nb8 13. Be2 Nbd7 14. 0-0 0-0 15. a4 h6 16. Be3 Ne4 17. f3 Ng5 18. a5 f5 19. Bf2 f4 20. c4 e4 21. fxe4 Nxe4 22. Bd4 Ne5 23. Rc1 Qg5 24. Bxe5 Qxe5 25. Bf3 Ng5 26. Qd2 Rae8 27. Qc3 Qf5 28. Qc2 Qf6 29. Qc3 Re5 30. h3 Qg6 31. Kh1 Re3 32. Qc2 Qf6 33. Bg4 Ne4 34. Rfe1 Ng3+ 35. Kh2 Qe5 36. Be6+ Kh8 37. Qf2 Ne4 38. Qh4 f3+ 39. Kh1 Ng3+ 0-1

[Event "Ayvalik Liman GpA"]
[Site "Ayvalik"]
[Date "2022.04.07"]
[Round "9"]
[White "Gholami, Aryan"]
[Black "Gunduz, Umut Erdem"]
[Result "1-0"]
[WhiteElo "2522"]
[BlackElo "2349"]
[PlyCount "95"]
[EventDate "2022.04.02"]
[EventType "schev"]
[EventRounds "9"]
[EventCountry "TUR"]
[SourceTitle "CBM 207 Extra"]
[Source "ChessBase"]
[SourceDate "2022.05.31"]
[SourceVersion "1"]
[SourceVersionDate "2022.05.31"]
[SourceQuality "1"]
[WhiteTeam "Team D"]
[BlackTeam "Team A"]
[WhiteTeamCountry "TUR"]
[BlackTeamCountry "TUR"]

1. Nf3 d5 2. g3 Nf6 3. Bg2 g6 4. b3 Bg7 5. Bb2 c5 6. c4 d4 7. b4 0-0 8. 0-0 a5 9. bxc5 Nc6 10. d3 Nd7 11. Na3 Nxc5 12. Nb5 e5 13. Ba3 Nb4 14. Nd2 Re8 15. Nb3 Bf8 16. Rb1 Nxb3 17. Qxb3 Rb8 18. Bxb4 Bxb4 19. e3 dxe3 20. fxe3 Qg5 21. Kh1 Qxe3 22. a3 Bc5 23. Rbe1 Qd2 24. Nc7 Rd8 25. Rxe5 b6 26. Rxc5 Bh3 27. Bxh3 bxc5 28. Qd1 Rxd3 29. Qxd2 Rxd2 30. Bg2 Rbb2 31. Bd5 Rxh2+ 32. Kg1 Rhd2 33. Bxf7+ Kg7 34. Bd5 Rd3 35. Ne6+ Kh6 36. Bf3 Rxa3 37. g4 g5 38. Bg2 Rxg2+ 39. Kxg2 Kg6 40. Rc1 h5 41. Nxc5 hxg4 42. Na6 Ra2+ 43. Kg1 Re2 44. c5 Re8 45. c6 Rc8 46. c7 a4 47. Rc4 a3 48. Ra4 1-0

[Event "Ayvalik Liman GpA"]
[Site "Ayvalik"]
[Date "2022.04.05"]
[Round "5"]
[White "Gholami, Aryan"]
[Black "Talibov, Shiroghlan"]
[Result "1-0"]
[WhiteElo "2522"]
[BlackElo "2340"]
[PlyCount "95"]
[EventDate "2022.04.02"]
[EventType "schev"]
[EventRounds "9"]
[EventCountry "TUR"]
[SourceTitle "CBM 207 Extra"]
[Source "ChessBase"]
[SourceDate "2022.05.31"]
[SourceVersion "1"]
[SourceVersionDate "2022.05.31"]
[SourceQuality "1"]
[WhiteTeam "Team D"]
[BlackTeam "Team B"]
[WhiteTeamCountry "TUR"]
[BlackTeamCountry "TUR"]

1. Nf3 Nf6 2. g3 c5 3. c4 g6 4. b3 Bg7 5. Bb2 Nc6 6. Bg2 d6 7. d4 cxd4 8. Nxd4 Bd7 9. Nc3 Nxd4 10. Qxd4 Bc6 11. Nd5 0-0 12. 0-0 Bxd5 13. Bxd5 Qc7 14. h4 a5 15. Bf3 Rac8 16. Qd2 h5 17. Bc3 b6 18. Rac1 Nd7 19. Bxg7 Kxg7 20. Qb2+ Kg8 21. Rfd1 Nf6 22. a3 Rfd8 23. b4 Qa7 24. Rc3 Rc7 25. Rdc1 Rdc8 26. Qd2 axb4 27. axb4 b5 28. Qd3 Qa4 29. c5 Nd7 30. Bd5 Kg7 31. Rb1 Ne5 32. Qe3 Ng4 33. Qc1 Ra7 34. cxd6 Rd8 35. dxe7 Rxe7 36. Ra3 Rxd5 37. Rxa4 bxa4 38. Qb2+ Kh7 39. Rc1 Rde5 40. Rc2 Rb5 41. Rc4 Rb6 42. b5 Ra7 43. Qa3 Re6 44. Rc8 Ree7 45. e3 Nxe3 46. Qb2 f6 47. fxe3 Rxe3 48. Rc3 1-0

[Event "Ayvalik Liman GpA"]
[Site "Ayvalik"]
[Date "2022.04.04"]
[Round "4"]
[White "Blesic, Vaso"]
[Black "Gholami, Aryan"]
[Result "0-1"]
[WhiteElo "2268"]
[BlackElo "2522"]
[PlyCount "64"]
[EventDate "2022.04.02"]
[EventType "schev"]
[EventRounds "9"]
[EventCountry "TUR"]
[SourceTitle "CBM 207 Extra"]
[Source "ChessBase"]
[SourceDate "2022.05.31"]
[SourceVersion "1"]
[SourceVersionDate "2022.05.31"]
[SourceQuality "1"]
[WhiteTeam "Team A"]
[BlackTeam "Team D"]
[WhiteTeamCountry "TUR"]
[BlackTeamCountry "TUR"]

1. d4 Nf6 2. c4 e6 3. Nf3 d5 4. Nc3 Nbd7 5. cxd5 exd5 6. Bf4 c6 7. e3 Be7 8. h3 Ne4 9. Nxe4 dxe4 10. Nd2 Nf6 11. Be5 Bf5 12. g4 Be6 13. Bg2 h5 14. gxh5 Bb4 15. Bxf6 gxf6 16. Bxe4 f5 17. Bf3 f4 18. Qa4 Bxd2+ 19. Kxd2 Qf6 20. Raf1 0-0-0 21. Kc1 Kb8 22. Kb1 Bf5+ 23. Ka1 Bd3 24. Re1 fxe3 25. Rxe3 Rxd4 26. Qb3 Rhd8 27. Rc1 Bb5 28. Qc3 Qh4 29. Be2 Bxe2 30. Rxe2 Qxh5 31. Qe3 f5 32. a3 Re4 0-1

[Event "Ayvalik Liman GpA"]
[Site "Ayvalik"]
[Date "2022.04.03"]
[Round "2"]
[White "Gholami, Aryan"]
[Black "Ozsakallioglu, Okan"]
[Result "1-0"]
[WhiteElo "2522"]
[BlackElo "2270"]
[PlyCount "227"]
[EventDate "2022.04.02"]
[EventType "schev"]
[EventRounds "9"]
[EventCountry "TUR"]
[SourceTitle "CBM 207 Extra"]
[Source "ChessBase"]
[SourceDate "2022.05.31"]
[SourceVersion "1"]
[SourceVersionDate "2022.05.31"]
[SourceQuality "1"]
[WhiteTeam "Team D"]
[BlackTeam "Team B"]
[WhiteTeamCountry "TUR"]
[BlackTeamCountry "TUR"]

1. Nf3 d5 2. d4 Nf6 3. Bf4 c5 4. e3 Nc6 5. Nbd2 cxd4 6. exd4 Bf5 7. c3 e6 8. Bb5 Be7 9. Ne5 Qb6 10. Bxc6+ bxc6 11. g4 Bg6 12. Qb3 Qa6 13. h4 Nd7 14. Nxd7 Kxd7 15. c4 h5 16. g5 f6 17. 0-0 Ke8 18. Rac1 Kf7 19. Rfe1 Bf5 20. Qg3 Qxa2 21. g6+ Bxg6 22. Rxe6 Rhe8 23. Rce1 Qxb2 24. Qe3 Qa3 25. Qe2 Kf8 26. c5 Kg8 27. Rxe7 Rxe7 28. Qxe7 Re8 29. Qxe8+ Bxe8 30. Rxe8+ Kf7 31. Rc8 Qa1+ 32. Nf1 Qxd4 33. Rc7+ Ke8 34. Bd6 Qg4+ 35. Bg3 Qa4 36. Rxg7 d4 37. Rg8+ Ke7 38. Bd6+ Ke6 39. Re8+ Kd5 40. Be7 Ke6 41. Bd6+ Kf7 42. Re7+ Kg6 43. Rd7 d3 44. Ne3 Qd4 45. Rd8 f5 46. Bc7 Qe4 47. Ng2 Kf7 48. Bf4 a5 49. Be3 a4 50. Rd4 Qf3 51. Rxd3 Qe2 52. Nf4 Qg4+ 53. Kf1 Qxh4 54. Ra3 Qh1+ 55. Ke2 Qe4 56. Nd3 h4 57. f3 Qc4 58. Kd2 Kf6 59. Rc3 Qd5 60. Bf4 Qxf3 61. Be5+ Kf7 62. Rc4 Qd5 63. Rb4 a3 64. Rb7+ Ke8 65. Rb8+ Kf7 66. Rb7+ Kg8 67. Rb8+ Kh7 68. Rh8+ Kg6 69. Rxh4 Qb3 70. Rb4 Qd5 71. Kc3 a2 72. Ra4 Kf7 73. Bd4 Ke8 74. Ra8+ Ke7 75. Ra7+ Kd8 76. Nb4 Qf3+ 77. Kb2 Qe2+ 78. Kb3 Kc8 79. Rxa2 Qd1+ 80. Kc3 Qc1+ 81. Rc2 Qa1+ 82. Kc4 Qf1+ 83. Nd3 Qh1 84. Be5 Qe4+ 85. Kc3 Qa4 86. Rf2 Qa5+ 87. Kc2 Qa2+ 88. Kd1 Qg8 89. Kd2 Qg4 90. Rf4 Qh3 91. Kc3 Kd7 92. Rd4+ Kc8 93. Rd6 Qh1 94. Rf6 Qe4 95. Rf7 Kd8 96. Bd6 Qa4 97. Rxf5 Qa1+ 98. Kd2 Qa2+ 99. Ke3 Qe6+ 100. Re5 Qh6+ 101. Nf4 Qh2 102. Rh5 Qg1+ 103. Ke4 Qe1+ 104. Kf5 Qb1+ 105. Kf6 Qf1 106. Rh8+ Kd7 107. Rh7+ Kd8 108. Be5 Kc8 109. Rh8+ Kd7 110. Rh7+ Kd8 111. Ke6 Qc4+ 112. Kd6 Kc8 113. Rc7+ Kb8 114. Rxc6 1-0

[Event "Uppsala Young Champions 8th"]
[Site "Uppsala"]
[Date "2021.10.30"]
[Round "3"]
[White "Carlsson, Ludvig"]
[Black "Gholami, Aryan"]
[Result "1/2-1/2"]
[WhiteElo "2374"]
[BlackElo "2510"]
[PlyCount "87"]
[EventDate "2021.10.29"]
[EventType "swiss"]
[EventRounds "9"]
[EventCountry "SWE"]
[SourceTitle "CBM 205 Extra"]
[Source "ChessBase"]
[SourceDate "2022.01.31"]
[SourceVersion "1"]
[SourceVersionDate "2022.01.31"]
[SourceQuality "1"]

1. d4 Nf6 2. c4 e6 3. Nf3 b6 4. g3 Bb7 5. Bg2 Be7 6. 0-0 0-0 7. d5 exd5 8. Nh4 c6 9. cxd5 Nxd5 10. Nf5 Nc7 11. e4 d5 12. exd5 Nxd5 13. Nc3 Nxc3 14. bxc3 Bc8 15. Nxe7+ Qxe7 16. Bf4 Rd8 17. Qa4 Be6 18. Rad1 Bd5 19. Rfe1 Qf8 20. Bxd5 cxd5 21. Bc7 Rc8 22. Rxd5 f6 23. Bxb8 Rcxb8 24. Rd7 Re8 25. Rxe8 Qxe8 26. Qg4 Qf8 27. Qc4+ Kh8 28. Qc7 h6 29. a4 Qg8 30. Qb7 Re8 31. Kg2 Qh7 32. Qf3 a6 33. Rb7 Qe4 34. Rxb6 Qxa4 35. Qd3 a5 36. c4 Rc8 37. c5 Qe8 38. Qd5 a4 39. c6 a3 40. Ra6 Ra8 41. Qc4 Qc8 42. Ra4 a2 43. Rxa2 Rxa2 44. Qxa2 1/2-1/2

[Event "Uppsala Young Champions 8th"]
[Site "Uppsala"]
[Date "2021.10.30"]
[Round "2"]
[White "Gholami, Aryan"]
[Black "Wernberg, Hugo"]
[Result "1-0"]
[WhiteElo "2510"]
[BlackElo "2268"]
[PlyCount "89"]
[EventDate "2021.10.29"]
[EventType "swiss"]
[EventRounds "9"]
[EventCountry "SWE"]
[SourceTitle "CBM 205 Extra"]
[Source "ChessBase"]
[SourceDate "2022.01.31"]
[SourceVersion "1"]
[SourceVersionDate "2022.01.31"]
[SourceQuality "1"]

1. Nf3 Nf6 2. d4 g6 3. Bg5 Bg7 4. Nbd2 h6 5. Bh4 d6 6. e4 Nc6 7. c3 0-0 8. Bc4 e5 9. dxe5 Nxe5 10. Nxe5 dxe5 11. 0-0 g5 12. Bg3 Qe7 13. Re1 Rd8 14. Qc2 Nh5 15. Nf1 Be6 16. Qb3 c6 17. Ne3 Nf4 18. a4 b6 19. Bxe6 Qxe6 20. Qc2 Rd7 21. Rad1 Rad8 22. Rxd7 Rxd7 23. h4 Ng6 24. Nf5 Ne7 25. Ne3 f6 26. f3 Nc8 27. Bf2 Nd6 28. b4 Bf8 29. Rb1 Nb7 30. Qe2 Kf7 31. g4 Ke8 32. Kg2 Qd6 33. b5 c5 34. Rd1 Qe6 35. Nd5 Na5 36. Qd3 Kd8 37. c4 Nb7 38. Be1 Bd6 39. Bd2 Rg7 40. Rh1 h5 41. hxg5 hxg4 42. Nxf6 gxf3+ 43. Qxf3 Be7 44. Rh8+ Kc7 45. Ne8+ 1-0

[Event "Agzamov Memorial 14th"]
[Site "Tashkent"]
[Date "2021.08.20"]
[Round "7"]
[White "Danielyan, Vahe"]
[Black "Gholami, Aryan"]
[Result "0-1"]
[WhiteElo "2333"]
[BlackElo "2513"]
[PlyCount "66"]
[EventDate "2021.08.16"]
[EventType "swiss"]
[EventRounds "9"]
[EventCountry "UZB"]
[SourceTitle "CBM 203 Extra"]
[Source "ChessBase"]
[SourceDate "2021.09.30"]
[SourceVersion "1"]
[SourceVersionDate "2021.09.30"]
[SourceQuality "1"]

1. e4 c5 2. Nf3 e6 3. Nc3 a6 4. d4 cxd4 5. Nxd4 Qc7 6. g3 Bb4 7. Nde2 Be7 8. Bg2 Nf6 9. Bf4 d6 10. 0-0 0-0 11. h3 Nc6 12. b3 b5 13. a4 b4 14. Na2 a5 15. c4 Bb7 16. g4 Ne5 17. Qc2 Rac8 18. Bg3 Ned7 19. Rad1 Nc5 20. f3 Qb6 21. Bf2 d5 22. cxd5 Qa6 23. Qd2 Nxb3 24. Qe3 exd5 25. Ng3 Nc5 26. Nf5 Rfe8 27. exd5 Bf8 28. Qg5 Nxd5 29. f4 Ne4 30. Bxe4 Rxe4 31. Ng3 Nxf4 32. Kh2 Ne6 33. Qf5 Rf4 0-1

[Event "Agzamov Memorial 14th"]
[Site "Tashkent"]
[Date "2021.08.19"]
[Round "6"]
[White "Gholami, Aryan"]
[Black "Harutyunian, Tigran K"]
[Result "0-1"]
[WhiteElo "2513"]
[BlackElo "2564"]
[PlyCount "66"]
[EventDate "2021.08.16"]
[EventType "swiss"]
[EventRounds "9"]
[EventCountry "UZB"]
[SourceTitle "CBM 203 Extra"]
[Source "ChessBase"]
[SourceDate "2021.09.30"]
[SourceVersion "1"]
[SourceVersionDate "2021.09.30"]
[SourceQuality "1"]

1. Nf3 d5 2. g3 g6 3. Bg2 Bg7 4. c4 dxc4 5. Na3 e5 6. 0-0 Ne7 7. Nxc4 Nbc6 8. d3 0-0 9. Bd2 a5 10. Bc3 f6 11. Qd2 b6 12. b3 Be6 13. Bb2 Qd7 14. Rfc1 Rad8 15. a3 Nf5 16. b4 axb4 17. axb4 Bh6 18. e3 Ncd4 19. Ra3 Nb5 20. Raa1 Qxd3 21. Qxd3 Rxd3 22. Nfd2 Rfd8 23. Ne4 Bg7 24. Bf1 Rb3 25. Ra4 Nbd6 26. Nexd6 cxd6 27. e4 b5 28. exf5 Bxc4 29. Bxc4+ bxc4 30. Ba3 d5 31. fxg6 hxg6 32. Kf1 Bh6 33. Rc2 d4 0-1

[Event "Agzamov Memorial 14th"]
[Site "Tashkent"]
[Date "2021.08.18"]
[Round "4"]
[White "Gholami, Aryan"]
[Black "Sargsyan, Shant"]
[Result "1/2-1/2"]
[WhiteElo "2513"]
[BlackElo "2626"]
[PlyCount "44"]
[EventDate "2021.08.16"]
[EventType "swiss"]
[EventRounds "9"]
[EventCountry "UZB"]
[SourceTitle "CBM 203 Extra"]
[Source "ChessBase"]
[SourceDate "2021.09.30"]
[SourceVersion "1"]
[SourceVersionDate "2021.09.30"]
[SourceQuality "1"]

1. Nf3 d5 2. d4 Nf6 3. Bf4 Bf5 4. c4 e6 5. Nc3 Bb4 6. e3 0-0 7. Be2 dxc4 8. Bxc4 Ne4 9. Qb3 Nc6 10. Bb5 Qd5 11. Bxc6 Bxc3+ 12. bxc3 Qxc6 13. c4 Qa6 14. 0-0 c5 15. Rfc1 Rac8 16. a4 cxd4 17. exd4 Rfd8 18. Qb5 Qc6 19. h3 h6 20. Qxc6 Rxc6 21. a5 g5 22. Be3 Rc7 1/2-1/2

[Event "Agzamov Memorial 14th"]
[Site "Tashkent"]
[Date "2021.08.17"]
[Round "3"]
[White "Madaminov, Mukhiddin"]
[Black "Gholami, Aryan"]
[Result "0-1"]
[WhiteElo "2139"]
[BlackElo "2513"]
[PlyCount "138"]
[EventDate "2021.08.16"]
[EventType "swiss"]
[EventRounds "9"]
[EventCountry "UZB"]
[SourceTitle "CBM 203 Extra"]
[Source "ChessBase"]
[SourceDate "2021.09.30"]
[SourceVersion "1"]
[SourceVersionDate "2021.09.30"]
[SourceQuality "1"]

1. e4 c5 2. Nc3 a6 3. d4 cxd4 4. Qxd4 Nc6 5. Qe3 Nf6 6. Bd2 e6 7. Nf3 Qc7 8. Bd3 b6 9. h3 Bd6 10. 0-0-0 0-0 11. g4 Bb7 12. Qe2 b5 13. Rhe1 Ne5 14. g5 Nxd3+ 15. Qxd3 Nh5 16. Be3 Bb4 17. Qxd7 Qxd7 18. Rxd7 Bxc3 19. bxc3 Bxe4 20. Ne5 f6 21. gxf6 Nxf6 22. Re7 Rfe8 23. Bc5 Rxe7 24. Bxe7 Bf5 25. Bxf6 gxf6 26. Rg1+ Kf8 27. Ng4 Ke7 28. Ne3 Bg6 29. h4 Rc8 30. Kb2 Rc5 31. Kb3 Rh5 32. Rg4 f5 33. Rb4 e5 34. a4 Bf7+ 35. c4 bxc4+ 36. Kc3 Be6 37. Rb7+ Kf6 38. Rb6 Rxh4 39. Rxa6 Rd4 40. f4 Rd7 41. fxe5+ Kxe5 42. Nxc4+ Bxc4 43. Kxc4 f4 44. Ra8 f3 45. Re8+ Kf4 46. Rf8+ Ke3 47. a5 f2 48. a6 Rd8 49. Rf7 Re8 50. a7 Ke2 51. a8Q Rxa8 52. Re7+ Kd2 53. Rd7+ Ke1 54. Re7+ Kf1 55. Rxh7 Rc8+ 56. Kd3 Rd8+ 57. Kc4 Rf8 58. Rh1+ Kg2 59. Rc1 Re8 60. c3 Kf3 61. Rf1 Ke2 62. Ra1 Kf3 63. Rf1 Re1 64. Rxf2+ Kxf2 65. Kd5 Rd1+ 66. Ke4 Rc1 67. Kd4 Kf3 68. c4 Kf4 69. Kd5 Kf5 0-1